Food that starts with P - Statistics

General Stats
  • This quiz has been taken 85 times
  • The average score is 7 of 16
Answer Stats
Picture Answer % Correct
pasta
97%
pepper
88%
papaya
75%
Penne
74%
Pancake
67%
pina colada
64%
Peanut butter cup
58%
Plantain
52%
Parfait
29%
Pad Thai
22%
Pecans
21%
Pho
15%
Pierogi
10%
Pumkin pie
5%
Pinto beans
4%
Paneer Tikka
1%
No matching quizzes found
Score Distribution
Percent of People with Each Score
Percentile by Number Answered
Your Score History
You have not taken this quiz